| 000 | 01416cam a2200229 4500 | ||
|---|---|---|---|
| 001 | L137032 | ||
| 008 | 070312s2007 xxk f 000 0 eng d | ||
| 035 | _a(Sirsi) u137032 | ||
| 041 | 0 | _aeng | |
| 050 | 0 | 4 | _a690.241 $2 18 |
| 110 | 1 |
_aUnited Kingdom _bDepartment for Culture, Media and Sport |
|
| 245 | 0 | 0 |
_aNew principles of selection for listing buildings _ban analysis of consultation responses _h[electronic resource] |
| 260 |
_aLondon _bDCMS _c2007 |
||
| 520 | _aProvides an analysis of responses to government's 2005 consultation on proposed revisions to the criteria used when assessing a building for listing (L130563). The consultation proposed revised principles of selection with two sections, the first containing the statutory criteria and general principles and the second setting out an overview of 20 building types. (See also DCLG Circular 01/2007 (L137007) and the English Heritage selection guides (L137036)). | ||
| 650 | 2 | 4 | _aENGLISH HERITAGE SELECTION GUIDES |
| 650 | 2 | 4 | _aDCLG CIRCULAR 01/2007 |
| 650 | 2 | 4 | _aHERITAGE PROTECTION WHITE PAPER 2007 |
| 651 | 4 |
_aEngland _y886- |
|
| 690 | _aBUILT ENVIRONMENT-BUILDING TYPES-HISTORIC BUILDINGS AND ANCIENT MONUMENTS-LISTED BUILDINGS | ||
| 856 | 4 | 0 |
_uhttps://www.culture.gov.uk/Reference_library/Consultations/2007_current_consultations/hpr_whitepaper07.htm _zView the consultation responses free of charge at www.culture.gov.uk... |
| 942 | _n0 | ||
| 999 |
_c106610 _d106610 |
||